| 000 | 00435nam a2200157 a 4500 | ||
|---|---|---|---|
| 001 | 2422 | ||
| 005 | 20140414131947.0 | ||
| 008 | 050601s19uu xx 00 eng d | ||
| 020 | _a0-307-11250-0 | ||
| 050 |
_aTR 372.634 _bGi1 1997 |
||
| 245 | _aGiant step ahead preschool workbook. | ||
| 260 |
_aNew York : _bMerrigold Press, _c1997. |
||
| 300 | _a320 p. : ill. ; cm. | ||
| 650 |
_aActivities _xJuvenile literature. |
||
| 999 |
_c112713 _d112713 |
||